Normal view
MARC view
Entry Topical Term
001 - CONTROL NUMBER
- control field: 74346
003 - CONTROL NUMBER IDENTIFIER
- control field: OSt
005 - DATE AND TIME OF LATEST TRANSACTION
- control field: 20190421151610.0
008 - FIXED-LENGTH DATA ELEMENTS
- fixed length control field: 190421|| aca||aabn | a|a d
040 ## - CATALOGING SOURCE
- Original cataloging agency: OSt
- Transcribing agency: OSt
150 ## - HEADING--TOPICAL TERM
- Topical term or geographic name entry element: Education
670 ## - SOURCE DATA FOUND
- Source citation: Work cat.: (OSt): Singh Pragya 74345, Development of Educationfrom Ancient to Modern Period, 2017









